Gobernanza del agua en América de Sur (Registro nro. 6849)

Detalles MARC
000 -LEADER
fixed length control field 00882 a2200229 4500
001 - CONTROL NUMBER
control field 59953
005 - DATE AND TIME OF LATEST TRANSACTION
control field 20260407155852.0
008 - FIXED-LENGTH DATA ELEMENTS--GENERAL INFORMATION
fixed length control field 260407a2006 arg spa d
003 - CONTROL NUMBER IDENTIFIER
control field AR-UNSa-BCEJYS
040 ## - CATALOGING SOURCE
Original cataloging agency AR-UNSa-BCEJYS
Language of cataloging spa
Transcribing agency AR-UNSa-BCEJYS
080 ## - UNIVERSAL DECIMAL CLASSIFICATION NUMBER
Universal Decimal Classification number 349.6
Common auxiliary subdivision Derecho de protección del medio ambiente
020 ## - INTERNATIONAL STANDARD BOOK NUMBER
International Standard Book Number 978-2-8317-0814-0
041 ## - LANGUAGE CODE
Language code of text/sound track or separate title spa
100 1# - MAIN ENTRY--PERSONAL NAME
Personal name Iza, Alejandro Omar
245 10 - TITLE STATEMENT
Title Gobernanza del agua en América de Sur
Name of part/section of a work dimensión ambiental
264 #1 - PRODUCTION, PUBLICATION, DISTRIBUTION, MANUFACTURE, AND COPYRIGHT NOTICE
Place of production, publication, distribution, manufacture Gland :
Name of producer, publisher, distributor, manufacturer UICN
Date of production, publication, distribution, manufacture, or copyright notice 2006
300 ## - PHYSICAL DESCRIPTION
Extent xiii, 461 p.
Dimensions 24 cm.
505 ## - FORMATTED CONTENTS NOTE
Formatted contents note 1. El contexto global – 2. Argentina – 3. Bolivia – 4. Brasil – 5. Colombia – 6. Chile – 7. Ecuador – 8. Paraguay – 9. Perú – 10. Uruguay – 11. Venezuela – 12. Recomendaciones del foro de expertos -
590 ## - LOCAL NOTE (RLIN)
Local note niveau_biblio:m niveau_hierar:0
700 1# - ADDED ENTRY--PERSONAL NAME
Personal name Rovere, Marta Brunilda
942 ## - ADDED ENTRY ELEMENTS (KOHA)
Koha item type
Existencias
Withdrawn status Lost status Damaged status Not for loan Home library Current library Shelving location Date acquired Total checkouts Full call number Barcode Date last seen Price effective from Koha item type
        Biblioteca Prof. Eusebio Cleto del Rey Biblioteca Prof. Eusebio Cleto del Rey   07/04/2026   349.6 I98 L116227 07/04/2026 07/04/2026 Libro